000 00769nam a2200253 a 4500
005 20241012063907.0
008 020213s1994 mx r 000 0 spa d
020 _a968426674X
035 _aUPN01000116245
049 _aCG
050 4 _aRC607 A26
_bD8.68 1994
100 1 _aDurham, Jerry D.
245 1 0 _aPacientes con SIDA :
_bcuidados de enfermería /
_cJerry D. Durham, Felissa L. Cahen ; tr. José Pérez Gómez.
250 _a2a ed.
260 _aMéxico :
_bManual Moderno,
_c1994.
300 _a566 p.
534 _pTítulo original:
_tThe person with AIDS nursing perspectives
650 4 _aSIDA
_912139
650 4 _aVIH
_912140
650 4 _aJuegos educativos
_93952
700 1 _aCohen, Felissa L.
_ecoaut.
905 _aLibro
999 _c88997
_d88997